Report of the Expert Committee on the Financial Provisions of Union Constitution (Record no. 489541)

000 -LEADER
fixed length control field 00475cam a22001337a 4500
008 - FIXED-LENGTH DATA ELEMENTS--GENERAL INFORMATION
fixed length control field 180718b1948 xxu||||| |||| 00| 0 eng d
082 ## - DEWEY DECIMAL CLASSIFICATION NUMBER
Classification number L69x54 In2r
100 ## - MAIN ENTRY--PERSONAL NAME
Personal name India. Expert Committee on the Financial Provisions of Union Constitution
245 ## - TITLE STATEMENT
Title Report of the Expert Committee on the Financial Provisions of Union Constitution
260 ## - PUBLICATION, DISTRIBUTION, ETC.
Place of publication, distribution, etc. New Delhi
Name of publisher, distributor, etc. The author
Date of publication, distribution, etc. 1948
300 ## - PHYSICAL DESCRIPTION
Extent 25p.
500 ## - GENERAL NOTE
General note Chairman: M.V. Rangachari
700 ## - ADDED ENTRY--PERSONAL NAME
Personal name Rangachari, M.V. (Chairman)
Holdings
Withdrawn status Lost status Damaged status Not for loan Permanent Location Current Location Date acquired Full call number Barcode Date last seen Price effective from Koha item type
        Indian Institute of Public Administration Indian Institute of Public Administration 2018-08-04 L69x54 In2r GG19589 2018-08-04 2018-08-04 GG

Powered by Koha